[Event "IECG CP.2000.P.00043"]
[Site "IECG email"]
[Date "2000.10.01"]
[Round "?"]
[White "Mitchell, Bradley"]
[Black "Covington, Michael"]
[Result "0-1"]
[WhiteElo "1700"]
[BlackElo "800"]
[PlyCount "26"]
[EventDate "2000.10.01"]
[EventType "tourn (corr)"]
[EventRounds "6"]
[EventCountry "USA"]
[SourceTitle "Corr 2008"]
[Source "ChessBase"]
[SourceDate "2008.06.24"]
[SourceVersion "1"]
[SourceVersionDate "2008.06.24"]
[SourceQuality "1"]

1. e4 e5 2. Nf3 Nc6 3. Bb5 Nf6 4. 0-0 Bc5 5. Bxc6 bxc6 6. Nxe5 Qe7 7. d4 Bd6 8. Re1 Bxe5 9. dxe5 Qxe5 10. f4 Qh5 11. Qxh5 Nxh5 12. e5 g6 13. Nc3 0-0 0-1

[Event "IECG CP.2000.P.00043"]
[Site "IECG email"]
[Date "2000.10.01"]
[Round "?"]
[White "Sabean, Steven"]
[Black "Mitchell, Bradley"]
[Result "1-0"]
[WhiteElo "1391"]
[BlackElo "1700"]
[PlyCount "27"]
[EventDate "2000.10.01"]
[EventType "tourn (corr)"]
[EventRounds "6"]
[EventCountry "USA"]
[SourceTitle "Corr 2008"]
[Source "ChessBase"]
[SourceDate "2008.06.24"]
[SourceVersion "1"]
[SourceVersionDate "2008.06.24"]
[SourceQuality "1"]

1. e4 e6 2. d4 d5 3. Nc3 Nf6 4. Bg5 Be7 5. e5 Nfd7 6. Bxe7 Qxe7 7. Nb5 Nb6 8. c3 a6 9. Na3 Bd7 10. f4 c5 11. Qd2 cxd4 12. cxd4 Nc6 13. Nf3 Rc8 14. Nc2 1-0

[Event "IECG CP.1998.P.00057"]
[Site "IECG email"]
[Date "1998.10.01"]
[Round "?"]
[White "Gromark, Per Olof"]
[Black "Mitchell, Bradley"]
[Result "1-0"]
[WhiteElo "2193"]
[BlackElo "1700"]
[PlyCount "65"]
[EventDate "1998.10.01"]
[EventType "tourn (corr)"]
[EventRounds "6"]
[EventCountry "SWE"]
[SourceTitle "Corr 2008"]
[Source "ChessBase"]
[SourceDate "2008.06.24"]
[SourceVersion "1"]
[SourceVersionDate "2008.06.24"]
[SourceQuality "1"]

1. Nf3 d5 2. d4 Nf6 3. c4 e6 4. Nc3 c6 5. e3 Bd6 6. Bd3 Nbd7 7. Qc2 dxc4 8. Bxc4 Nd5 9. e4 Nxc3 10. bxc3 0-0 11. e5 Be7 12. Qe4 Re8 13. 0-0 Nf8 14. h4 Bd7 15. h5 h6 16. Be3 b6 17. Rfd1 Qc7 18. Qg4 Kh8 19. Qf4 Kg8 20. Qg3 Kh8 21. Bd3 c5 22. Nh2 Bc6 23. Ng4 Nh7 24. Bxh7 Kxh7 25. Bf4 Qb7 26. dxc5 Bxc5 27. Bxh6 gxh6 28. Nf6+ Kh8 29. Qd3 Be4 30. Nxe4 Be7 31. Qe3 Kh7 32. Qf3 Kg7 33. Nd6 1-0